| 000 | 00505nam a2200133Ia 4500 | ||
|---|---|---|---|
| 008 | 220217s9999 xx 000 0 und d | ||
| 100 | _aKaruna Divakar | ||
| 245 | 0 | _aStudies on toxin production and inactivation of toxin from Corynespora cassiicola causing Corynespora leaf fall disease of Hevea brasiliensis | |
| 260 |
_bMahatma Gandhi University _a Kottayam _c2008 |
||
| 500 | _aAvailable in Pathology | ||
| 500 | _aCourse: M.Sc. | ||
| 700 | _aDr Annakutty Joseph and Dr C Kuruvilla Jacob | ||
| 942 | _cTS | ||
| 999 |
_c74253 _d74253 |
||